logo

Bir Sreshtho Munshi Abdur Rouf Library
Jhenaidah Cadet College

The 4 Skills / (Record no. 14002)

MARC details
000 -LEADER
fixed length control field 00529nam a2200217 a 4500
001 - CONTROL NUMBER
JCCL Control Number 14002
003 - CONTROL NUMBER IDENTIFIER
JCCL marc code BD-JhCC
005 - DATE AND TIME OF LATEST TRANSACTION
control field 20240523082021.0
008 - FIXED-LENGTH DATA ELEMENTS--GENERAL INFORMATION
fixed length control field 880808s2005 enk a 000 0 eng d
020 ## - INTERNATIONAL STANDARD BOOK NUMBER
International Standard Book Number 98486
035 ## - SYSTEM CONTROL NUMBER
system control number (BD-JhCC)14002
040 ## - CATALOGING SOURCE
Original cataloging agency BD-JhCC
Modifying agency BD-JhCC
041 ## - LANGUAGE CODE
Language code of Book eng
082 ## - DEWEY DECIMAL CLASSIFICATION NUMBER
Classification number 421.5
Author mark and Year RAB 2005
100 1# - MAIN ENTRY--PERSONAL NAME
Personal name Rabbani, Golam
245 13 - TITLE STATEMENT
Title The 4 Skills /
Statement of responsibility, etc Golam Rabbani
260 ## - PUBLICATION, DISTRIBUTION, ETC. (IMPRINT)
Place of publication, distribution, etc Dhaka:
Name of publisher, distributor, etc Hassan Book Depot;
Date of publication, distribution, etc 2005.
300 ## - PHYSICAL DESCRIPTION
Pagination 434 p.
Dimensions 21 cm.
650 #0 - SUBJECT ADDED ENTRY--TOPICAL TERM
Topical term or geographic name as entry element English language
942 ## - ADDED ENTRY ELEMENTS (KOHA)
Source of classification or shelving scheme Dewey Decimal Classification
Koha item type Books
Holdings
Source of classification or shelving scheme Damaged status Not for loan Home library Current library Shelving location Date of accession Cost, normal purchase price Total Checkouts Full call number Barcode Date last seen Copy number Method of acquisition Koha item type Currency
Dewey Decimal Classification     JCC Rouf Library JCC Rouf Library General Stacks   175.00   421.5 RAB 2005 19529 05/23/2024 C-1 Purchase Books BDT

JCC Library | Contacts | JCC Home

Last Update on 23 September 2017
Copyright @ 2017-2020 JCC Rouf Library
Rouf Library, Jhenidah Cadet College (JCC), Bangladesh